000 00452nam a22001697a 4500
003 SISC
005 20160922145606.0
008 160922b xxu||||| |||| 00| 0 eng d
020 _a9789814753593
050 _aKB 130
_b.C339 2016
100 _aCasis, Rommel J.
245 _aThe law on contracts /
_cRommel J. Casis.
260 _aUSA :
_bLexis Nexis,
_c2016.
300 _axxxi, 296 pages ;
_c26 cm.
500 _aIncludes index.
942 _2lcc
_cBK
999 _c305109
_d305109